11 koszy Unii Europejskiej - Statystyki

Ogólne statystyki
  • Ten quiz został rozwiązany 15 razy
  • Średni wynik to 6 z 11
Statystyki odpowiedzi
Kosz % Poprawnych
szkło
100%
plastik
93%
BIO
86%
papier
86%
metal
79%
tekstylia
36%
zmieszane
36%
drewno/korek
21%
ceramika
14%
kompozyty
7%
niebezpieczne
7%
Nie znaleziono quizów pasujących do podanych kryteriów
Rozkład punktacji
Procent ludzi z każdym wynikiem
Percentyl według liczby udzielonych odpowiedzi
Twoja historia wyników
Nie rozwiązałeś tego quizu